Register of animal pests of rubber trees in China (Record no. 66622)

MARC details
000 -LEADER
fixed length control field 00428nam a2200145Ia 4500
100 ## - MAIN ENTRY--AUTHOR NAME
Personal name Zhenqgiang Peng
245 #0 - TITLE STATEMENT
Title Register of animal pests of rubber trees in China
260 ## - PUBLICATION, DISTRIBUTION, ETC. (IMPRINT)
Name of publisher Proceedings of IRRDB Symposium 1999, Hainan, Peoples Republic of China. pp.318-324.
650 ## - SUBJECT ADDED ENTRY--TOPICAL TERM
Topical Term Animal pests
650 ## - SUBJECT ADDED ENTRY--TOPICAL TERM
Topical Term China
700 ## - ADDED ENTRY--PERSONAL NAME
Personal name Qian Jin
700 ## - ADDED ENTRY--PERSONAL NAME
Personal name Yueguan Fu
942 ## - ADDED ENTRY ELEMENTS (KOHA)
Koha item type Journals
Holdings
Withdrawn status Lost status Damaged status Not for loan Home library Current library Shelving location Date acquired Koha item type
      Journals RRII Library RRII Library Pathology 17/12/2021 Journals